| 000 | 00668cam a22002177a 4500 | ||
|---|---|---|---|
| 020 | _a9251048096 (pbk.) | ||
| 040 | _cFQG | ||
| 082 | 0 | 0 | _a633 FOO 2002 A051 Or. |
| 245 | 0 | 0 |
_aBread wheat : _bimprovement and production / |
| 260 |
_aRome : _bFood and Agriculture Organization of the United Nations, _c2002. |
||
| 300 |
_axi, 554 p. : _bill. (some col.) ; _c24 cm. |
||
| 490 | 1 | _aPlant production and protection series, | |
| 650 | 0 | _aWheat. | |
| 650 | 0 | _aWheat | |
| 650 | 0 | _aWheat | |
| 700 | 1 | _aCurtis, B. C. | |
| 700 | 1 | _aRajaram, S. | |
| 700 | 1 | _aGómez Macpherson, Helena. | |
| 710 | 2 | _aFood and Agriculture Organization of the United Nations. | |
| 942 | _cEK | ||
| 999 |
_c14597 _d14597 |
||